000 00347nam a2200133 i 4500
001 bg
100 1 _aMARKIEWICZ, S.
245 0 _aWspółdziałanie kościoła i państwa w świetle teorii i praktyki /
_cS. Markiewicz.
260 _aWarszawa,
_c1984.
040 _cBPK
041 _apol
942 _cKS
008 s pl f |000 0 pol
999 _c2049
_d2049
856 _uhttp://koha.tu.koszalin.pl/cgi-bin/koha/opac-detail.pl?biblionumber=2049
_yKatalog online BPK